My three sons. (Record no. 14754)

000 -LEADER
fixed length control field 00885nam a2200241 a 4500
001 - CONTROL NUMBER
control field :::00012588$&:&@@
003 - CONTROL NUMBER IDENTIFIER
control field OkBaRHE
005 - DATE AND TIME OF LATEST TRANSACTION
control field 20100402122123.0
008 - FIXED-LENGTH DATA ELEMENTS--GENERAL INFORMATION
fixed length control field s1984 j 000 0 eng u
020 ## - INTERNATIONAL STANDARD BOOK NUMBER
International Standard Book Number 0840758944 (pbk.)
040 ## - CATALOGING SOURCE
Transcribing agency
100 1# - MAIN ENTRY--PERSONAL NAME
Personal name Sumrall, Lester Frank, 1913-
245 10 - TITLE STATEMENT
Title My three sons.
260 ## - PUBLICATION, DISTRIBUTION, ETC. (IMPRINT)
Place of publication, distribution, etc Nashville, TN., :
Name of publisher, distributor, etc Nelson
Date of publication, distribution, etc 1984
300 ## - PHYSICAL DESCRIPTION
Extent xiii, 126 p., [8] p. of plates : illus. ;
Dimensions 21 cm.
650 ## - SUBJECT ADDED ENTRY--TOPICAL TERM
Topical term or geographic name as entry element Child Rearing
General subdivision Religious Aspects
-- Christianity
650 ## - SUBJECT ADDED ENTRY--TOPICAL TERM
Topical term or geographic name as entry element Family
General subdivision Biblical Teaching
650 ## - SUBJECT ADDED ENTRY--TOPICAL TERM
Topical term or geographic name as entry element Family
General subdivision Religious Life
-- Case Studies
650 ## - SUBJECT ADDED ENTRY--TOPICAL TERM
Topical term or geographic name as entry element Fathers and Sons
General subdivision Case Studies
942 ## - ADDED ENTRY ELEMENTS (KOHA)
Source of classification or shelving scheme
Koha item type Books
Copies
Source of classification or shelving scheme Copy number Withdrawn status Permanent Location Lost status Koha item type Damaged status Date acquired Shelving location Not for loan Price effective from Date last seen Barcode Full call number
 1 RHEMA Bible Training College Books 2010-04-14General Stacks 2010-04-142010-04-1412588HQ 775 .S86 1984
 2 RHEMA Bible Training College Books 2010-04-14General Stacks 2010-04-142010-04-1416472HQ 775 .S86 1984